[Event "40th Olympiad Open"]
[Site "Istanbul TUR"]
[Date "2012.09.05"]
[Round "8.18"]
[Board "2"]
[White "Brunello, Sabino"]
[Black "Sharavdorj, Dashzegve"]
[Result "1-0"]
[WhiteTitle "GM"]
[BlackTitle "GM"]
[WhiteElo "2586"]
[BlackElo "2446"]
[WhiteTeam "Italy"]
[BlackTeam "Mongolia"]
[WhiteFideId "813613"]
[BlackFideId "4900340"]
[EventDate "2012.08.28"]

1. c4 e6 2. Nf3 Nf6 3. g3 d5 4. b3 Be7 5. Bb2 O-O 6. Bg2 b6 7. O-O Bb7 8. e3
Nbd7 9. Nc3 dxc4 10. bxc4 Nc5 11. d4 Nce4 12. Ne2 c5 13. Nf4 Rc8 14. Rc1 Rc7 15.
Ne5 cxd4 16. exd4 Bd6 17. f3 Nd2 18. Rf2 Nxc4 19. Nxc4 Bxf4 20. gxf4 Bd5 21. Ne5
Nh5 22. Ba3 Re8 23. Rxc7 Qxc7 24. Rc2 Qb7 25. Bc1 Qa6 26. Bf1 Qa4 27. Rc8 1-0

[Event "40th Olympiad Open"]
[Site "Istanbul TUR"]
[Date "2012.09.05"]
[Round "8.18"]
[Board "3"]
[White "Batchuluun, Tsegmed"]
[Black "Vocaturo, Daniele"]
[Result "1/2-1/2"]
[WhiteTitle "GM"]
[BlackTitle "GM"]
[WhiteElo "2493"]
[BlackElo "2542"]
[WhiteTeam "Mongolia"]
[BlackTeam "Italy"]
[WhiteFideId "4900847"]
[BlackFideId "813192"]
[EventDate "2012.08.28"]

1. Nf3 Nf6 2. c4 e6 3. g3 d5 4. d4 Bb4+ 5. Bd2 Be7 6. Bg2 c6 7. Qc2 b6 8. O-O
Nbd7 9. cxd5 cxd5 10. Rc1 Bb7 11. Qa4 a6 12. Bb4 Rc8 13. Nbd2 O-O 14. Rxc8 Bxc8
15. Rc1 Bxb4 16. Qxb4 a5 17. Qd6 Ba6 18. Bf1 Qb8 19. Qxb8 Nxb8 20. e3 Rc8 21.
Rxc8+ Bxc8 22. Ne5 Kf8 23. f3 Ke7 24. Kf2 Bb7 25. Bb5 Ne8 26. Be2 Nd6 27. Nb1
Nd7 28. Nxd7 Kxd7 29. Nc3 Bc6 30. a3 Ke7 31. Bd3 f5 32. b4 axb4 33. axb4 Kf6 34.
h4 h6 35. Ke2 g5 36. hxg5+ hxg5 37. Kf2 Ke7 38. Ke2 Kf6 39. Kf2 Ke7 40. Ke2 1/2-1/2

[Event "40th Olympiad Open"]
[Site "Istanbul TUR"]
[Date "2012.09.05"]
[Round "8.19"]
[Board "2"]
[White "Dizdarevic, Emir"]
[Black "Zhigalko, Andrey"]
[Result "0-1"]
[WhiteTitle "GM"]
[BlackTitle "GM"]
[WhiteElo "2499"]
[BlackElo "2582"]
[WhiteTeam "Bosnia & Herzegovina"]
[BlackTeam "Belarus"]
[WhiteFideId "14400049"]
[BlackFideId "13502247"]
[EventDate "2012.08.28"]

1. Nf3 d5 2. d4 Nf6 3. e3 c5 4. dxc5 e6 5. c4 Bxc5 6. a3 O-O 7. Nc3 dxc4 8. Bxc4
Qxd1+ 9. Kxd1 b6 10. Ke2 Bb7 11. b4 Be7 12. Bb2 Nbd7 13. Rhd1 Rfc8 14. Bb5 Rc7
15. Rac1 Rac8 16. Nb1 a6 17. Rxc7 Rxc7 18. Bd3 b5 19. Nbd2 Nb6 20. Rc1 Rxc1 21.
Bxc1 Na4 22. Kf1 Kf8 23. Nd4 Bd6 24. h3 Ke7 25. f3 g6 26. e4 e5 27. Ne2 Nd7 28.
Nb1 Ndb6 29. Nbc3 Bc8 30. Nxa4 Nxa4 31. Bc2 Nb6 32. g4 Be6 33. Kf2 Kd7 34. Nc3
Kc6 35. Nd1 a5 36. bxa5 Nc4 37. a4 b4 38. a6 Bc8 39. Bd3 Bxa6 40. Ke2 Kb6 41.
Ke1 Ka5 42. Bc2 Na3 43. Bb3 Bc4 0-1

[Event "40th Olympiad Open"]
[Site "Istanbul TUR"]
[Date "2012.09.05"]
[Round "8.19"]
[Board "3"]
[White "Teterev, Vitaly"]
[Black "Tomic, Bosko"]
[Result "1-0"]
[WhiteTitle "GM"]
[BlackTitle "IM"]
[WhiteElo "2528"]
[BlackElo "2423"]
[WhiteTeam "Belarus"]
[BlackTeam "Bosnia & Herzegovina"]
[WhiteFideId "13501429"]
[BlackFideId "14401401"]
[EventDate "2012.08.28"]

1. Nf3 Nf6 2. g3 g6 3. Bg2 Bg7 4. O-O O-O 5. d4 d6 6. c4 Nbd7 7. Nc3 e5 8. e4
exd4 9. Nxd4 a6 10. b3 Re8 11. Bb2 Rb8 12. Qd2 c5 13. Nc2 b5 14. Ne3 Ne5 15.
cxb5 axb5 16. Rfd1 Nfg4 17. Ncd5 Be6 18. f4 Nxe3 19. Nxe3 Ng4 20. Bxg7 Kxg7 21.
Nc2 Rb6 22. h3 Nf6 23. e5 Nd7 24. exd6 Qf6 25. Ne3 Rd8 26. Rac1 Nb8 27. Qa5
Rbxd6 28. Rxd6 Rxd6 29. Qxb5 Qb2 30. Qxc5 Rd3 31. Nf1 Nd7 32. Qc2 Qd4+ 33. Qf2
Qd6 34. Qb2+ Nf6 35. Rc6 Qb4 36. Qe5 h5 37. Kh2 Qa3 38. f5 gxf5 39. Ne3 Qxa2 40.
Nxf5+ 1-0

[Event "40th Olympiad Open"]
[Site "Istanbul TUR"]
[Date "2012.09.05"]
[Round "8.19"]
[Board "4"]
[White "Kadric, Denis"]
[Black "Kovalev, Vladislav"]
[Result "1-0"]
[WhiteTitle "IM"]
[BlackTitle "IM"]
[WhiteElo "2418"]
[BlackElo "2485"]
[WhiteTeam "Bosnia & Herzegovina"]
[BlackTeam "Belarus"]
[WhiteFideId "14403803"]
[BlackFideId "13504398"]
[EventDate "2012.08.28"]

1. e4 e5 2. Nf3 Nc6 3. Nc3 Nf6 4. Bb5 Nd4 5. Nxe5 Qe7 6. f4 Nxb5 7. Nxb5 d6 8.
Nf3 Qxe4+ 9. Kf2 Qc4 10. Re1+ Be6 11. Nbd4 O-O-O 12. d3 Qc5 13. Kf1 Ng4 14. c3
Bd7 15. h3 Nh6 16. Be3 Nf5 17. Bf2 Nxd4 18. Nxd4 Re8 19. Rxe8+ Bxe8 20. c4 a6
21. Qe1 Bd7 22. b4 Qh5 23. b5 Qg6 24. f5 Qf6 25. bxa6 bxa6 26. Qa5 d5 27. Qxd5
c6 28. Qa5 c5 29. Bg3 Bd6 30. Qxa6+ Kc7 31. Ne6+ fxe6 32. Qxd6+ Kd8 33. Rb1 1-0

[Event "40th Olympiad Open"]
[Site "Istanbul TUR"]
[Date "2012.09.05"]
[Round "8.20"]
[Board "4"]
[White "Nguyen, Duc Hoa"]
[Black "Can, Emre"]
[Result "1/2-1/2"]
[WhiteTitle "IM"]
[BlackTitle "GM"]
[WhiteElo "2505"]
[BlackElo "2435"]
[WhiteTeam "Vietnam"]
[BlackTeam "Turkey"]
[WhiteFideId "12401358"]
[BlackFideId "6302181"]
[EventDate "2012.08.28"]

1. d4 Nf6 2. Nf3 g6 3. g3 Bg7 4. Bg2 O-O 5. O-O d6 6. c4 Nc6 7. Nc3 a6 8. b3 Rb8
9. Nd5 Nh5 10. Bb2 e6 11. Nc3 b5 12. cxb5 axb5 13. Rc1 Bd7 14. Qd2 b4 15. Na4
Na5 16. Qc2 Bxa4 17. bxa4 c6 18. Nd2 Qb6 19. Nc4 Nxc4 20. Qxc4 d5 21. Qxc6 Qxc6
22. Rxc6 Ra8 23. a3 bxa3 24. Bxa3 Rfe8 25. e3 Rxa4 26. Bc5 Raa8 27. Rb1 Rec8 28.
Rcb6 Bf8 29. e4 Bxc5 30. dxc5 Rxc5 31. exd5 exd5 32. Rd6 Kg7 33. Bxd5 Ra7 34.
Bf3 Nf6 35. Rbd1 Ra2 36. R6d2 Rxd2 37. Rxd2 Rc7 1/2-1/2

[Event "40th Olympiad Open"]
[Site "Istanbul TUR"]
[Date "2012.09.05"]
[Round "8.23"]
[Board "2"]
[White "Georgiev, Kiril"]
[Black "Atabayev, Maksat"]
[Result "1/2-1/2"]
[WhiteTitle "GM"]
[BlackTitle "FM"]
[WhiteElo "2682"]
[BlackElo "2402"]
[WhiteTeam "Bulgaria"]
[BlackTeam "Turkmenistan"]
[WhiteFideId "2900017"]
[BlackFideId "14001101"]
[EventDate "2012.08.28"]

1. Nf3 Nf6 2. d4 c5 3. d5 e6 4. Nc3 d6 5. e4 e5 6. Bb5+ Nbd7 7. a4 a6 8. Be2 b6
9. Nd2 Be7 10. Nc4 O-O 11. O-O Ne8 12. f4 exf4 13. Bxf4 Qc7 14. Qd3 Bf6 15. Kh1
Ne5 16. Qg3 Nxc4 17. Bxc4 Bb7 18. Rae1 Be5 19. Bxe5 dxe5 20. b3 Qd6 21. Nd1 Bc8
22. Ne3 Ra7 23. Be2 f6 24. Nc4 Qc7 25. Bg4 Nd6 26. Bxc8 Nxc8 27. Qg4 b5 28. Ne3
Qd7 29. Nf5 Nd6 30. axb5 axb5 31. h3 Nxf5 32. Rxf5 Rfa8 33. Kh2 Ra1 34. Qg3 Rxe1
35. Qxe1 Ra2 36. Rf2 Qd6 37. Qe2 b4 38. Qb5 Ra8 39. Qb7 Rb8 40. Qa7 Qb6 41. Qe7
Rd8 42. Rf1 Qd6 43. Qa7 Rd7 44. Qa8+ Rd8 45. Qa5 h5 46. Qb5 Ra8 47. Rf2 Rf8 48.
Qe2 g6 49. Rf1 Ra8 50. g4 Qa6 51. Qf3 hxg4 52. Qxf6 Qxf6 53. Rxf6 Ra2 54. Rf2 c4
55. Kg3 cxb3 56. cxb3 Ra3 57. Rb2 gxh3 58. Kxh3 Kf7 59. Kg4 Ra1 60. Rc2 Rg1+ 61.
Kh4 Rh1+ 62. Kg4 Rg1+ 63. Kh4 Rh1+ 64. Kg4 Rg1+ 65. Kh4 Rh1+ 1/2-1/2

[Event "40th Olympiad Open"]
[Site "Istanbul TUR"]
[Date "2012.09.05"]
[Round "8.23"]
[Board "3"]
[White "Atabayev, Yusup"]
[Black "Cheparinov, Ivan"]
[Result "0-1"]
[WhiteTitle "FM"]
[BlackTitle "GM"]
[WhiteElo "2411"]
[BlackElo "2681"]
[WhiteTeam "Turkmenistan"]
[BlackTeam "Bulgaria"]
[WhiteFideId "14001128"]
[BlackFideId "2905540"]
[EventDate "2012.08.28"]

1. e4 c5 2. Nf3 d6 3. d4 Nf6 4. Nc3 cxd4 5. Nxd4 a6 6. Be2 e5 7. Nb3 Be7 8. Be3
Be6 9. Nd5 Nbd7 10. Qd3 O-O 11. c4 b5 12. cxb5 axb5 13. O-O Bxd5 14. exd5 Nb6
15. Qxb5 Nbxd5 16. Bd2 Rb8 17. Qd3 Qd7 18. Rfd1 Nb4 19. Qg3 Ne4 20. Qf3 d5 21.
Bxb4 Rxb4 22. a3 Ng5 23. Qe3 Re4 24. Qd3 Rb8 25. Rac1 g6 26. Nc5 Bxc5 27. Rxc5
Rd4 28. Qc2 Ne6 29. Rc3 Rxd1+ 30. Bxd1 Nd4 31. Qc1 Kg7 32. h4 h5 33. b4 Qe7 34.
Rc7 Qf6 35. Rd7 Qf5 36. Qc7 Re8 37. Qb7 Re6 38. f3 Rf6 39. Qxd5 Qd3 40. Ba4 Qe3+
41. Kh2 Ne2 0-1

[Event "40th Olympiad Open"]
[Site "Istanbul TUR"]
[Date "2012.09.05"]
[Round "8.23"]
[Board "4"]
[White "Delchev, Aleksander"]
[Black "Odeev, Handszar"]
[Result "1-0"]
[WhiteTitle "GM"]
[BlackTitle "GM"]
[WhiteElo "2596"]
[BlackElo "2397"]
[WhiteTeam "Bulgaria"]
[BlackTeam "Turkmenistan"]
[WhiteFideId "2900394"]
[BlackFideId "14000091"]
[EventDate "2012.08.28"]

1. Nf3 Nf6 2. c4 g6 3. Nc3 d5 4. cxd5 Nxd5 5. Qb3 Nb6 6. d4 Bg7 7. Bf4 Be6 8.
Qa3 Nc6 9. e3 Nd5 10. Nxd5 Bxd5 11. Be2 O-O 12. O-O Bxf3 13. Bxf3 e5 14. dxe5
Nxe5 15. Bxb7 Rb8 16. Rad1 Qe8 17. Bd5 Rxb2 18. Bb3 Qc6 19. Rd4 Nf3+ 20. gxf3
Bxd4 21. exd4 Re2 22. Qc1 Qf6 23. Qxc7 Rfe8 24. Bg3 h5 25. Qf4 Qe7 26. Bh4 Qd7
27. Qf6 1-0

[Event "40th Olympiad Open"]
[Site "Istanbul TUR"]
[Date "2012.09.05"]
[Round "8.24"]
[Board "4"]
[White "Al-Sulaiti, Ghanem"]
[Black "Kosic, Dragan"]
[Result "0-1"]
[WhiteTitle "FM"]
[BlackTitle "GM"]
[WhiteElo "2178"]
[BlackElo "2526"]
[WhiteTeam "Qatar"]
[BlackTeam "Montenegro"]
[WhiteFideId "12100358"]
[BlackFideId "900290"]
[EventDate "2012.08.28"]

1. c4 Nf6 2. Nc3 c5 3. Nf3 Nc6 4. g3 e5 5. Bg2 d6 6. d3 h6 7. O-O Be7 8. a3 Be6
9. b3 d5 10. Bb2 d4 11. Nb1 O-O 12. Nbd2 Qd7 13. Ne1 Bh3 14. e4 dxe3 15. fxe3
Bxg2 16. Kxg2 Ng4 17. Qe2 f5 18. h3 Nf6 19. Ndf3 Qe6 20. Nh4 Nh7 21. Qh5 Bg5 22.
Nef3 Rad8 23. Ng6 Qe8 24. Nxg5 Nxg5 25. g4 Rf6 26. gxf5 Rxd3 27. Rad1 Rxb3 28.
Bc1 Ne7 29. Nxe7+ Qxe7 30. Rd5 Rbb6 31. h4 Nf7 32. Rfd1 Rfd6 33. Qg4 Rxd5 34.
Rxd5 Rf6 35. Bb2 Rd6 36. Kh3 Rxd5 37. cxd5 Nd6 38. e4 b5 39. Kg2 a5 40. Kf3 b4
41. Bc1 Nf7 42. Qg1 b3 43. Qg3 Nd6 44. Bb2 Nc4 45. Qg6 Nxb2 46. Qa6 Na4 47. d6
Qd7 48. Qc4+ Kf8 49. Qxb3 c4 50. Qxc4 Nb6 51. Qc5 Nc8 52. Qxe5 Qxd6 53. Qxa5 Ne7
54. a4 Qd1+ 55. Kf2 Qd4+ 56. Kf3 Qd3+ 57. Kf4 Qh3 58. Qb6 Qxh4+ 59. Kf3 Qh1+ 60.
Kf4 Qf1+ 61. Kg3 Qe1+ 62. Kf4 Qd2+ 63. Kg3 Qd3+ 64. Kf4 Qf1+ 65. Kg3 Qe1+ 66.
Kf4 Qc1+ 67. Kg4 Qc4 68. Qb8+ Kf7 69. Qa8 Nc6 70. Qb7+ Kf6 71. Qb2+ Ne5+ 72. Kf4
Qf1+ 73. Ke3 Qd3+ 74. Kf2 Qxe4 75. Qb6+ Kxf5 76. a5 Kf4 77. a6 Nd3+ 78. Kg1 Qe1+
79. Kg2 Qe2+ 80. Kg1 Ne5 81. Qd4+ Kg3 0-1

[Event "40th Olympiad Open"]
[Site "Istanbul TUR"]
[Date "2012.09.05"]
[Round "8.25"]
[Board "2"]
[White "Jumabayev, Rinat"]
[Black "Agopov, Mikael"]
[Result "1-0"]
[WhiteTitle "GM"]
[BlackTitle "IM"]
[WhiteElo "2525"]
[BlackElo "2429"]
[WhiteTeam "Kazakhstan"]
[BlackTeam "Finland"]
[WhiteFideId "13702661"]
[BlackFideId "501840"]
[EventDate "2012.08.28"]

1. Nf3 Nf6 2. c4 e6 3. g3 d5 4. d4 dxc4 5. Bg2 Bb4+ 6. Bd2 c5 7. Qc1 O-O 8. O-O
b5 9. a4 Bb7 10. axb5 a6 11. dxc5 Bxc5 12. bxa6 Rxa6 13. Na3 Ne4 14. Be3 Bd5 15.
Ne5 Bxe3 16. Qxe3 Nd6 17. Bxd5 exd5 18. Rad1 Re8 19. Rxd5 f6 20. Naxc4 fxe5 21.
Qb3 Re6 22. Rfd1 Kf8 23. Qb4 Ke7 24. Nxe5 h6 25. Qg4 g5 26. h4 Qg8 27. h5 Nd7
28. Ng6+ Kd8 29. Qb4 Kc7 30. Rc1+ Kd8 31. Rcd1 Kc7 32. Rc1+ Kd8 33. Qd2 Rf6 34.
e4 Qe6 35. e5 Rxg6 36. exd6 Rf6 37. Re1 Qg4 38. Rd4 Qf3 39. Rd3 Qf5 40. Rd5 Qf3
41. b4 Qb3 42. Qe2 Rfxd6 43. Qe7+ Kc7 44. Rc1+ Rac6 45. Qxd6+ 1-0

[Event "40th Olympiad Open"]
[Site "Istanbul TUR"]
[Date "2012.09.05"]
[Round "8.25"]
[Board "3"]
[White "Sipila, Vilka"]
[Black "Ismagambetov, Anuar"]
[Result "1-0"]
[WhiteTitle "FM"]
[BlackTitle "GM"]
[WhiteElo "2431"]
[BlackElo "2471"]
[WhiteTeam "Finland"]
[BlackTeam "Kazakhstan"]
[WhiteFideId "505455"]
[BlackFideId "13701525"]
[EventDate "2012.08.28"]

1. Nf3 Nf6 2. c4 e6 3. Nc3 d5 4. d4 dxc4 5. e3 a6 6. Bxc4 b5 7. Bb3 c5 8. O-O
Bb7 9. Qe2 Nbd7 10. Rd1 Be7 11. d5 exd5 12. Bxd5 Nxd5 13. Nxd5 O-O 14. e4 Bxd5
15. Rxd5 Qc7 16. e5 Nb6 17. Rd1 Rad8 18. Bf4 h6 19. h3 Qc6 20. Qc2 Qe6 21. b3
Nd5 22. Bd2 Rd7 23. a4 Rb8 24. axb5 axb5 25. Ra5 Nc7 26. Rc1 Qd5 27. Be3 Ne6 28.
Ra6 Rc8 29. Qa2 Qe4 30. Rb6 Rcd8 31. Rxb5 Nf4 32. Kh2 Nxh3 33. Qa4 Qf5 34. Nh4
Bxh4 35. Qxh4 Ng5 36. Rbxc5 Ne4 37. Rb5 Kh7 38. Rc4 Nd6 39. g4 Qb1 40. exd6 Rxd6
41. Qh5 Rf6 42. Rc1 Qd3 43. Rf5 Re6 44. Rf3 Rg6 45. Rxf7 Re8 46. Qf5 Qd8 47. Kh3 1-0

[Event "40th Olympiad Open"]
[Site "Istanbul TUR"]
[Date "2012.09.05"]
[Round "8.25"]
[Board "4"]
[White "Kuderinov, Kirill"]
[Black "Ebeling, Daniel"]
[Result "1/2-1/2"]
[WhiteTitle "IM"]
[BlackTitle "FM"]
[WhiteElo "2484"]
[BlackElo "2350"]
[WhiteTeam "Kazakhstan"]
[BlackTeam "Finland"]
[WhiteFideId "13701568"]
[BlackFideId "505170"]
[EventDate "2012.08.28"]

1. e4 e5 2. Nf3 Nf6 3. Nxe5 d6 4. Nf3 Nxe4 5. Nc3 Nxc3 6. dxc3 Be7 7. Bf4 O-O 8.
Qd2 Nd7 9. O-O-O Nc5 10. Nd4 Bf6 11. f3 b6 12. h4 Bb7 13. Kb1 a6 14. Rh3 Qd7 15.
h5 Ne6 16. Be3 c5 17. Ne2 d5 18. g4 Qe7 19. f4 d4 20. cxd4 cxd4 21. Bf2 h6 22.
Ng3 Qc7 23. Ne2 Be4 24. Bg3 Rac8 25. Rc1 Qc5 26. Bh4 Bxh4 27. Rxh4 Rfd8 28. Ng3
d3 29. Nxe4 dxc2+ 30. Rxc2 Rxd2 31. Rxc5 Rd1+ 32. Kc2 Rcd8 33. Rc8 Rxf1 34.
Rxd8+ Nxd8 35. g5 Ne6 36. gxh6 gxh6 37. Nf6+ Kf8 38. Nd7+ Ke8 39. Nf6+ Ke7 40.
Ng8+ Kf8 41. Nxh6 Rxf4 42. Rg4 Rf2+ 43. Kc3 Rh2 44. Rg8+ Ke7 45. Rb8 Rxh5 46.
Ng8+ Kd6 47. Rxb6+ Kc5 48. Rxa6 Rh3+ 49. Kd2 Rh2+ 50. Kc1 Rh1+ 51. Kc2 Rh2+ 52.
Kc1 Rh1+ 53. Kc2 Rh2+ 1/2-1/2

[Event "40th Olympiad Open"]
[Site "Istanbul TUR"]
[Date "2012.09.05"]
[Round "8.26"]
[Board "1"]
[White "Smerdon, David"]
[Black "Collins, Sam E."]
[Result "1/2-1/2"]
[WhiteTitle "GM"]
[BlackTitle "IM"]
[WhiteElo "2507"]
[BlackElo "2459"]
[WhiteTeam "Australia"]
[BlackTeam "Ireland"]
[WhiteFideId "3202305"]
[BlackFideId "2501198"]
[EventDate "2012.08.28"]

1. e4 e5 2. Nf3 Nc6 3. Nc3 Nf6 4. d4 exd4 5. Nxd4 Bb4 6. Nxc6 bxc6 7. Bd3 d5 8.
exd5 O-O 9. O-O cxd5 10. Bg5 c6 11. Na4 Bd6 12. c4 h6 13. Bh4 Re8 14. Re1 Rxe1+
15. Qxe1 Be6 16. cxd5 cxd5 17. Qe2 Rb8 18. b3 Rc8 19. Rd1 g5 20. Bg3 Bxg3 21.
hxg3 Bg4 22. f3 Bd7 23. Nb2 Qc7 24. Qf2 Nh5 25. g4 Nf4 26. Bf1 Qc2 27. g3 Qxf2+
28. Kxf2 Rc2+ 29. Ke3 Ne6 30. Rxd5 Bc6 31. Rd2 Rxd2 32. Kxd2 Bxf3 33. Be2 Bxe2
34. Kxe2 Kg7 35. Nc4 f5 36. gxf5 Nd4+ 37. Kd3 Nxf5 38. g4 Ne7 39. Ke4 h5 40.
gxh5 Kh6 41. b4 a6 42. a4 Nc6 43. b5 axb5 44. axb5 Nd8 45. b6 Kxh5 46. Ne5 Nb7
47. Kf5 Na5 48. Ke4 Nb7 49. Kf3 Na5 50. Ke3 Nb7 51. Ke4 Na5 52. Kf5 Nb7 53. Ng4
Nd6+ 54. Ke6 Nb7 55. Ne3 g4 56. Kf5 g3 57. Kf4 Kg6 58. Kxg3 1/2-1/2

[Event "40th Olympiad Open"]
[Site "Istanbul TUR"]
[Date "2012.09.05"]
[Round "8.26"]
[Board "2"]
[White "Astaneh Lopez, Alex"]
[Black "Ly, Moulthun"]
[Result "1-0"]
[WhiteTitle "IM"]
[BlackTitle "IM"]
[WhiteElo "2398"]
[BlackElo "2397"]
[WhiteTeam "Ireland"]
[BlackTeam "Australia"]
[WhiteFideId "2501430"]
[BlackFideId "3204405"]
[EventDate "2012.08.28"]

1. e4 c5 2. Nf3 e6 3. d3 Nc6 4. g3 d5 5. Qe2 Nge7 6. Bg2 g6 7. O-O Bg7 8. c3 b6
9. e5 h6 10. h4 a5 11. a4 Ba6 12. Na3 Qb8 13. Re1 b5 14. axb5 Bxb5 15. Be3 c4
16. dxc4 Ba6 17. b4 axb4 18. cxb4 Nxe5 19. b5 Nxf3+ 20. Bxf3 Bxa1 21. bxa6 Rxa6
22. Rxa1 Qe5 23. Qd1 Nf5 24. Bc5 dxc4 25. Bb7 Qxc5 26. Bxa6 O-O 27. Qg4 h5 28.
Qf3 Nd4 29. Qe3 e5 30. Bxc4 Qc6 31. Be2 Qc3 32. Ra2 Qb4 33. Kg2 Ra8 34. Nc2 Qf8
35. Rxa8 Qxa8+ 36. Bf3 Nxf3 37. Qxf3 Qc8 38. Ne3 Kg7 39. Qd5 f6 40. Qd6 Qb7+ 41.
Nd5 Qf7 42. Kg1 1-0

[Event "40th Olympiad Open"]
[Site "Istanbul TUR"]
[Date "2012.09.05"]
[Round "8.26"]
[Board "3"]
[White "Solomon, Stephen J."]
[Black "Griffiths, Ryan Rhys"]
[Result "1-0"]
[WhiteTitle "IM"]
[BlackTitle "FM"]
[WhiteElo "2378"]
[BlackElo "2362"]
[WhiteTeam "Australia"]
[BlackTeam "Ireland"]
[WhiteFideId "3200043"]
[BlackFideId "2502054"]
[EventDate "2012.08.28"]

1. e4 c5 2. Nf3 d6 3. d4 cxd4 4. Nxd4 Nf6 5. Nc3 a6 6. Bg5 Nbd7 7. Bc4 Qb6 8.
Bb3 e6 9. Qd2 Be7 10. O-O-O Nc5 11. f3 Qc7 12. Kb1 O-O 13. g4 b5 14. a3 Rb8 15.
h4 Bd7 16. Bxf6 Bxf6 17. g5 Be7 18. h5 a5 19. g6 Bf6 20. h6 hxg6 21. Qh2 Rfc8
22. Nf5 exf5 23. Nd5 Qd8 24. hxg7 Kxg7 25. Nxf6 Qxf6 26. Rxd6 Be6 27. e5 Qg5 28.
Qh7+ Kf8 29. Bxe6 1-0

[Event "40th Olympiad Open"]
[Site "Istanbul TUR"]
[Date "2012.09.05"]
[Round "8.26"]
[Board "4"]
[White "Wall, Gavin"]
[Black "Illingworth, Max"]
[Result "0-1"]
[WhiteTitle "IM"]
[BlackTitle "FM"]
[WhiteElo "2338"]
[BlackElo "2360"]
[WhiteTeam "Ireland"]
[BlackTeam "Australia"]
[WhiteFideId "2501244"]
[BlackFideId "3205207"]
[EventDate "2012.08.28"]

1. e4 e5 2. Nf3 Nc6 3. Bc4 Nf6 4. d3 Bc5 5. c3 O-O 6. O-O d6 7. Re1 Ne7 8. d4
Bb6 9. Bg5 Ng6 10. Nh4 Re8 11. a4 a5 12. Nxg6 hxg6 13. Na3 Qd7 14. dxe5 Rxe5 15.
Bxf6 gxf6 16. Bb5 Qe6 17. Nc4 Rxb5 18. axb5 Qxc4 19. Qd5 Qxd5 20. exd5 Bf5 21.
c4 Kf8 22. Ra3 Bc5 23. Rf3 a4 24. h3 Bd4 25. g4 Bc2 0-1

[Event "40th Olympiad Open"]
[Site "Istanbul TUR"]
[Date "2012.09.05"]
[Round "8.27"]
[Board "4"]
[White "Rios, Cristhian Camilo"]
[Black "Cawdery, Daniel"]
[Result "1/2-1/2"]
[WhiteTitle "FM"]
[BlackTitle "CM"]
[WhiteElo "2398"]
[BlackElo "2284"]
[WhiteTeam "Colombia"]
[BlackTeam "South Africa"]
[WhiteFideId "4403940"]
[BlackFideId "14300249"]
[EventDate "2012.08.28"]

1. d4 Nf6 2. c4 g6 3. Nc3 d5 4. Nf3 Bg7 5. Qb3 dxc4 6. Qxc4 O-O 7. e4 Nc6 8. Bf4
Bg4 9. d5 Bxf3 10. dxc6 b5 11. Nxb5 Bxe4 12. Rd1 Qc8 13. Nxc7 e5 14. Bxe5 Rb8
15. f3 Qf5 16. Qc3 Bxf3 17. gxf3 Ne4 18. Qd4 Bxe5 19. Qxe4 Qxe4+ 20. fxe4 Bxc7
21. b3 Rb6 22. Bc4 Rxc6 23. Rd7 Ba5+ 24. Ke2 Rc7 25. Rhd1 Kg7 26. Kf3 Rfc8 27.
e5 Rxd7 28. Rxd7 Rc7 29. Rxc7 Bxc7 30. Ke4 1/2-1/2

[Event "40th Olympiad Open"]
[Site "Istanbul TUR"]
[Date "2012.09.05"]
[Round "8.28"]
[Board "1"]
[White "Bachmann, Axel"]
[Black "Gruenfeld, Yehuda"]
[Result "1/2-1/2"]
[WhiteTitle "GM"]
[BlackTitle "GM"]
[WhiteElo "2533"]
[BlackElo "2434"]
[WhiteTeam "Paraguay"]
[BlackTeam "ICSC"]
[WhiteFideId "3700488"]
[BlackFideId "2800020"]
[EventDate "2012.08.28"]

1. Nf3 c5 2. c4 Nc6 3. Nc3 Nf6 4. g3 e6 5. Bg2 d5 6. cxd5 Nxd5 7. O-O Be7 8. d4
O-O 9. Nxd5 exd5 10. dxc5 Bxc5 11. Bg5 Qb6 12. Qxd5 Be6 13. Qd2 h6 14. Be3 Bxe3
15. Qxe3 Qxb2 16. Rfb1 Qf6 17. Qf4 Qxf4 18. gxf4 Rab8 19. a4 b6 20. e3 Rfd8 21.
Bf1 Bd5 22. Be2 Be4 23. Rb2 Rbc8 24. Nd2 Bd3 25. Bxd3 Rxd3 26. Rc1 Ne7 27. Rxc8+
Nxc8 28. Nf3 Ne7 29. Rc2 Rd7 30. Ne5 Rd1+ 31. Kg2 f6 32. Nf3 Rd7 33. Nd4 g6 34.
Rc4 Kf7 35. e4 Rd8 36. Nb5 a6 37. Nd4 Rc8 38. Rb4 Nc6 39. Rc4 Ne7 40. Rb4 Nc6
41. Nxc6 Rxc6 42. Kf3 Rc3+ 43. Ke2 a5 44. Rxb6 Rc4 45. Ke3 Rxa4 46. Rb7+ Ke6 47.
Rb6+ Kf7 48. h4 h5 49. Rb7+ Kf8 50. Rb8+ Kf7 51. Rb7+ Kf8 52. Rb8+ 1/2-1/2

[Event "40th Olympiad Open"]
[Site "Istanbul TUR"]
[Date "2012.09.05"]
[Round "8.28"]
[Board "3"]
[White "Latorre, Manuel"]
[Black "Klasan, Vladimir"]
[Result "1/2-1/2"]
[WhiteTitle "FM"]
[WhiteElo "2303"]
[BlackElo "2342"]
[WhiteTeam "Paraguay"]
[BlackTeam "ICSC"]
[WhiteFideId "3700844"]
[BlackFideId "934054"]
[EventDate "2012.08.28"]

1. c4 Nf6 2. g3 g6 3. Bg2 Bg7 4. Nc3 O-O 5. e4 d6 6. Nge2 c5 7. O-O Nc6 8. d3
Bd7 9. h3 a6 10. Be3 Rb8 11. a4 Ne8 12. f4 Nd4 13. Rb1 b5 14. axb5 axb5 15. cxb5
Nxb5 16. f5 Nd4 17. g4 Nc7 18. h4 Ncb5 19. Bg5 Bc6 20. Qd2 Nxc3 21. Nxc3 Qd7 22.
Bh6 gxf5 23. exf5 Bxh6 24. Qxh6 Bxg2 25. Kxg2 Kh8 26. Ne4 Rg8 27. Qf4 f6 28. Kh2
Rb3 29. g5 Qb5 30. Rbd1 Rxd3 31. Rxd3 Qxd3 32. gxf6 Qe2+ 33. Rf2 Qe1 34. fxe7
Qg1+ 35. Kh3 Qh1+ 36. Rh2 Qd1 37. Rg2 Qh1+ 38. Rh2 Qd1 39. Rg2 Qh1+ 1/2-1/2

[Event "40th Olympiad Open"]
[Site "Istanbul TUR"]
[Date "2012.09.05"]
[Round "8.28"]
[Board "4"]
[White "Frink, Ferenc"]
[Black "Vazquez, Guillermo"]
[Result "1-0"]
[WhiteTitle "FM"]
[BlackTitle "FM"]
[WhiteElo "2197"]
[BlackElo "2323"]
[WhiteTeam "ICSC"]
[BlackTeam "Paraguay"]
[WhiteFideId "704946"]
[BlackFideId "3702308"]
[EventDate "2012.08.28"]

1. d4 f5 2. Nc3 d5 3. Bf4 Nf6 4. e3 e6 5. a3 a6 6. Nf3 c5 7. Be5 Nc6 8. Be2 Be7
9. O-O O-O 10. Na4 c4 11. b4 Ne4 12. Nd2 Bd7 13. Nxe4 fxe4 14. Nc5 Nxe5 15. dxe5
Bxc5 16. bxc5 Ba4 17. Rb1 Qc7 18. Bg4 Qxe5 19. Rxb7 Rab8 20. Re7 Rf6 21. Qd4
Qxd4 22. exd4 Bxc2 23. Rxe6 Bd3 24. Rc1 c3 25. Rxf6 gxf6 26. c6 1-0